Les races de chien préférées des Français - Statistiques

Statistiques générales
  • Ce quiz a été pris 47 fois
  • Le résultat moyen est 8 sur 20
Statistiques - réponses
Par images Réponse % Correct
Berger Allemand
93%
Berger Australien
86%
Labrador Retriever
86%
Chihuahua
76%
Golden Retrierver
74%
Husky de Sibérie
74%
Beagle
52%
Cavalier King Charles
50%
border collie
45%
Teckel
45%
Bouledogue Français
31%
Épagneul Breton
26%
Staffordshire Bull Terrier
26%
Cocker Spaniel Anglais
24%
Chien de berger Belge
21%
Bichon Frisé
14%
Spitz Allemand
7%
Shih Tzu
2%
Berger Américain Miniature
0%
Cocker Spaniel Américain
0%
Aucun quiz correspondant
Distribution des résultats
% des personnes avec chaque résultat
Percentile par nombre de réponses
Votre historique - résultats
Vous n’avez pas pris ce quiz